Derecho empresario o individualista (Registro nro. 30538)

Detalles MARC
000 -LEADER
fixed length control field 00329 a2200109 4500
001 - CONTROL NUMBER
control field ART_42617
005 - DATE AND TIME OF LATEST TRANSACTION
control field 20260410161953.0
008 - FIXED-LENGTH DATA ELEMENTS--GENERAL INFORMATION
fixed length control field 260409a
100 1# - MAIN ENTRY--PERSONAL NAME
Personal name Chiappini, Julio O.
245 10 - TITLE STATEMENT
Title Derecho empresario o individualista
773 0# - HOST ITEM ENTRY
Title Temas de derecho comercial
Related parts - Año 3, Nº 6 (jun. 2017)
Record control number REV28151

No hay ítems disponibles.